000 00629nam a2200229 a 4500
001 56703
003 BD-RjUL
005 20211209080426.0
008 161203r19131907enk ob 001 0 eng d
035 _a(BD-RjUL)56827
040 _aOCLCE
_beng
_cOCLCE
_dBD-RjUL
041 _aeng
082 0 4 _a170
_223
_bSIM 1913
100 1 _aSidgwick, Henry,
_d1838-1900.
_9168636
245 1 4 _aThe methods of ethics /
_cby Henry Sidgwick.
250 _a7th ed.
260 _aLondon :
_bMacmillan,
_c1907 [Reprinted 1913].
300 _axxxiv, 527 p. ;
_c23 cm.
500 _aIncludes index.
650 0 _aEthics.
_9168637
942 _2ddc
_cBK
999 _c56703
_d56703